| 000 | 00417nab a2200145Ia 4500 | ||
|---|---|---|---|
| 003 | ES-SlBCS | ||
| 005 | 20210601125452.0 | ||
| 008 | 140529s1984-85 xxu||||| |||| 00| 0 eng d | ||
| 041 | _aeng | ||
| 100 | 1 |
_aLeighton, Stephen R. _9159005 |
|
| 245 | 0 | 0 |
_aFeelings and Emotion _c Stephen R. Leighton |
| 650 | 0 | 4 |
_aEmoción _9132656 |
| 773 | 0 |
_tReview of Methaphysics _gvol. 38, 1984-85, págs. 303-320 _wRev843 |
|
| 942 | _cAR | ||
| 999 |
_c530828 _d530828 |
||